| 000 | 00478nam a2200157Ia 4500 | ||
|---|---|---|---|
| 008 | 210716s2010 xx 000 0 und d | ||
| 020 | _a9788126523894 | ||
| 041 | _aeng | ||
| 082 | _a332.63204 TILL | ||
| 100 | _aTilman, Leo M. | ||
| 245 |
_aFinancial darwinism: create value or self destruct in a world of risk. _bCreate value or self destruct in a world of risk. |
||
| 250 | _a1 | ||
| 260 |
_aNew Delhi _bWiley India Pvt Ltd _c2010 |
||
| 300 | _axx,172 | ||
| 650 | _aFinance | ||
| 999 |
_c206995 _d206995 |
||